| 000 | 00871nam a2200277 a 4500 | ||
|---|---|---|---|
| 001 | BRCA_8116 | ||
| 005 | 20190320210134.0 | ||
| 008 | 090414s1964----gw-a###f##---#001-0#ger-# | ||
| 041 | _ager | ||
| 044 | _agw | ||
| 050 | 4 |
_aNK4670 _b.F55 _c1964 |
|
| 100 | 1 |
_aBerendsen, Anne _920203 |
|
| 245 | 1 | 0 |
_aFliesen _beine geschichte der wand _cAnne Berendsen ... [et al.]. |
| 260 |
_aMunchen _bKeyser _c1964 |
||
| 300 |
_a287 p. _bil. (algunas a color) _c31 cm. |
||
| 500 | _aY171 | ||
| 650 | 1 | 4 |
_aAzulejos _vCatálogos _920204 |
| 650 | 1 | 4 |
_aAzulejos _vHistoria _920205 |
| 650 | 1 | 4 |
_aCerámica _vColeccionistas y colecciones _zAlemania _920206 |
| 700 | 1 |
_aKreezer, Marcel B. _ecoaut. _920207 |
|
| 700 | 1 |
_aSchoubye, Sigurd _ecoaut. _920208 |
|
| 700 | 1 |
_aDos Santos Simoes, Joao Miguel _ecoaut. _920209 |
|
| 700 | 1 |
_aTichelaar, Jan _ecoaut. _920210 |
|
| 902 | _aGFM | ||
| 942 |
_2lcc _cB |
||
| 999 |
_c7784 _d7784 |
||